[Event "MNE-ch 76th"]
[Site "Podgorica"]
[Date "2024.02.14"]
[Round "10"]
[White "Pobor, Milo"]
[Black "Vujosevic, Vladimir"]
[Result "0-1"]
[WhiteElo "2201"]
[BlackElo "2335"]
[PlyCount "56"]
[EventDate "2024.02.06"]
[EventType "swiss"]
[EventRounds "11"]
[EventCountry "MNE"]
[SourceTitle "CB08_2024"]
[SourceDate "2024.02.21"]
[SourceVersion "1"]
[SourceVersionDate "2024.02.21"]
[SourceQuality "1"]

1. e4 e5 2. Nf3 Nc6 3. Bc4 Nf6 4. Ng5 d5 5. exd5 b5 6. Bf1 Nxd5 7. Qf3 Qd7 8. Bxb5 Bb7 9. 0-0 f6 10. c4 Nb6 11. d4 a6 12. Bxc6 Bxc6 13. d5 Bb7 14. Ne4 Nxc4 15. Nbc3 Nb6 16. Rd1 Rd8 17. Qe2 Qf7 18. Be3 Nxd5 19. Qc4 Be7 20. Nxd5 Bxd5 21. Qxc7 Bxe4 22. Bc5 Bd3 23. Qc6+ Kf8 24. Bb6 Qd5 25. Qc3 Rd7 26. Qc8+ Bd8 27. Rac1 Kf7 28. Rc5 Qb7 0-1

[Event "MNE-ch 76th"]
[Site "Podgorica"]
[Date "2024.02.07"]
[Round "2"]
[White "Vujosevic, Vladimir"]
[Black "Vujovic, Savo"]
[Result "0-1"]
[WhiteElo "2335"]
[BlackElo "2137"]
[PlyCount "58"]
[EventDate "2024.02.06"]
[EventType "swiss"]
[EventRounds "11"]
[EventCountry "MNE"]
[SourceTitle "CB08_2024"]
[SourceDate "2024.02.21"]
[SourceVersion "1"]
[SourceVersionDate "2024.02.21"]
[SourceQuality "1"]

1. e4 c5 2. Nf3 Nc6 3. Bb5 g6 4. 0-0 Bg7 5. c3 e5 6. d4 cxd4 7. cxd4 exd4 8. Bf4 Nge7 9. Bd6 a6 10. Bc4 b5 11. Bd5 0-0 12. Nbd2 Nxd5 13. Bxf8 Qxf8 14. exd5 Nb4 15. Nb3 d3 16. a3 Nxd5 17. Qxd3 Bb7 18. Na5 Nf4 19. Qe3 Bh6 20. Qb3 Bd5 21. Qd1 Re8 22. Re1 Rxe1+ 23. Nxe1 Qd8 24. b4 Qg5 25. f3 Bg7 26. Rb1 Nh3+ 27. Kf1 Qe3 28. gxh3 Bd4 29. Qc2 Bxf3 0-1

[Event "MNT-ch 68th"]
[Site "Bijelo Polje"]
[Date "2016.06.29"]
[Round "6"]
[White "Vujosevic, Vladimir"]
[Black "Kosic, Dragan"]
[Result "1/2-1/2"]
[WhiteElo "2365"]
[BlackElo "2498"]
[PlyCount "36"]
[EventDate "2016.06.24"]
[EventType "tourn"]
[EventRounds "11"]
[EventCountry "MNE"]
[SourceTitle "CBM 173 Extra"]
[Source "ChessBase"]
[SourceDate "2016.08.29"]
[SourceVersion "1"]
[SourceVersionDate "2016.08.29"]
[SourceQuality "1"]

1. e4 c5 2. Nf3 e6 3. d3 Nc6 4. g3 d5 5. Nbd2 g6 6. Bg2 Bg7 7. 0-0 Nge7 8. Re1 0-0 9. c3 b6 10. Nf1 a5 11. e5 Ba6 12. h4 h6 13. N1h2 Nf5 14. Bf4 b5 15. Qd2 Kh7 16. Rac1 Rc8 17. Ng4 b4 18. Bh3 bxc3 1/2-1/2

[Event "MNT-ch 68th"]
[Site "Bijelo Polje"]
[Date "2016.06.26"]
[Round "3"]
[White "Nikcevic, Nebojsa"]
[Black "Vujosevic, Vladimir"]
[Result "0-1"]
[WhiteElo "2451"]
[BlackElo "2365"]
[PlyCount "120"]
[EventDate "2016.06.24"]
[EventType "tourn"]
[EventRounds "11"]
[EventCountry "MNE"]
[SourceTitle "CBM 173 Extra"]
[Source "ChessBase"]
[SourceDate "2016.08.29"]
[SourceVersion "1"]
[SourceVersionDate "2016.08.29"]
[SourceQuality "1"]

1. d4 Nf6 2. c4 e6 3. Nc3 d5 4. cxd5 exd5 5. Bg5 Be7 6. e3 0-0 7. Bd3 h6 8. Bf4 b6 9. Nge2 c5 10. 0-0 Nc6 11. Rc1 Bb7 12. Bb1 cxd4 13. exd4 Bd6 14. Qd3 Re8 15. Rfe1 Bxf4 16. Nxf4 Rxe1+ 17. Rxe1 Ne7 18. h3 Rc8 19. Qe3 Kf8 20. f3 Bc6 21. Nd3 Nf5 22. Qf4 Nd6 23. Ne5 Be8 24. Bd3 b5 25. Ne2 Nc4 26. b3 Nd6 27. Qd2 a5 28. g4 b4 29. Bb1 Bb5 30. Ng3 Rc3 31. h4 Ng8 32. Qf4 Qf6 33. Nh5 Qxf4 34. Nxf4 Ne7 35. Kf2 Be8 36. Ned3 Nb5 37. Ne2 Rc7 38. Ke3 Nc6 39. Ndf4 Re7+ 40. Kd3 Ncxd4 41. Rf1 Nxe2 42. Nxe2 d4 43. Kd2 Bc6 44. Bd3 Rd7 45. Bxb5 Bxb5 46. Rc1 Bxe2 47. Kxe2 Re7+ 48. Kf2 Re5 49. Rd1 Rd5 50. f4 Ke7 51. Kf3 Ke6 52. Ke4 d3 53. Rxd3 Rxd3 54. Kxd3 h5 55. gxh5 Kf5 56. Ke3 Kg4 57. f5 Kxh5 58. f6 g6 59. Ke4 Kxh4 60. Kd5 g5 0-1

[Event "Cetinje op"]
[Site "Cetinje"]
[Date "2016.05.07"]
[Round "6"]
[White "Damljanovic, Branko"]
[Black "Vujosevic, Vladimir"]
[Result "1-0"]
[WhiteElo "2560"]
[BlackElo "2348"]
[PlyCount "105"]
[EventDate "2016.05.04"]
[EventType "swiss"]
[EventRounds "9"]
[EventCountry "MNE"]
[SourceTitle "CBM 172 Extra"]
[Source "ChessBase"]
[SourceDate "2016.06.21"]
[SourceVersion "1"]
[SourceVersionDate "2016.06.21"]
[SourceQuality "1"]

1. c4 e6 2. Nf3 d5 3. g3 Nf6 4. Bg2 dxc4 5. Qa4+ Nbd7 6. Qxc4 c5 7. Qb3 Rb8 8. a4 b6 9. d3 Bd6 10. Na3 a6 11. 0-0 Bb7 12. Bd2 0-0 13. Nc4 Bc7 14. Qc2 Qe7 15. Rfb1 Rfc8 16. Qd1 b5 17. axb5 axb5 18. Na5 Ba8 19. Qe1 Bd6 20. Rc1 Ne5 21. Nxe5 Bxe5 22. Bxa8 Rxa8 23. Nc6 Qd6 24. Nxe5 Qxe5 25. Bc3 Qd5 26. Rxa8 Qxa8 27. Bxf6 gxf6 28. Rc3 Qd5 29. Qc1 Kg7 30. h4 h6 31. Kh2 f5 32. Qf4 b4 33. Rc4 Ra8 34. Qe3 Ra5 35. g4 fxg4 36. Rxg4+ Kh7 37. Qg3 Ra8 38. Rg7+ Kh8 39. Rxf7 Rg8 40. Qf3 Qxf3 41. Rxf3 Ra8 42. Re3 Ra2 43. Rxe6 Rxb2 44. Kg2 Kg7 45. Kf3 Rc2 46. Rb6 h5 47. e4 Kf7 48. d4 Rc3+ 49. Kf4 cxd4 50. Rxb4 Rh3 51. Rxd4 Rxh4+ 52. Kf5 Rh1 53. e5 1-0

[Event "Cetinje op"]
[Site "Cetinje"]
[Date "2016.05.07"]
[Round "5"]
[White "Vujosevic, Vladimir"]
[Black "Kalezic, Blazo"]
[Result "1/2-1/2"]
[WhiteElo "2348"]
[BlackElo "2447"]
[PlyCount "69"]
[EventDate "2016.05.04"]
[EventType "swiss"]
[EventRounds "9"]
[EventCountry "MNE"]
[SourceTitle "CBM 172 Extra"]
[Source "ChessBase"]
[SourceDate "2016.06.21"]
[SourceVersion "1"]
[SourceVersionDate "2016.06.21"]
[SourceQuality "1"]

1. e4 e6 2. d3 d5 3. Nd2 Nf6 4. Ngf3 Bc5 5. e5 Nfd7 6. c3 Be7 7. d4 c5 8. Nb3 b6 9. Be3 a5 10. a3 Bb7 11. h4 h6 12. g3 Nc6 13. Nh2 a4 14. Nd2 Ncxe5 15. Rg1 cxd4 16. cxd4 Nc4 17. Nxc4 dxc4 18. Bxc4 b5 19. Bd3 Bd5 20. Qe2 Rb8 21. Nf3 0-0 22. g4 Bxf3 23. Qxf3 Ne5 24. dxe5 Qxd3 25. Rd1 Qc2 26. g5 hxg5 27. hxg5 Rfd8 28. Rh1 Rxd1+ 29. Qxd1 Qxd1+ 30. Kxd1 b4 31. axb4 Rxb4 32. Bc1 Rg4 33. f4 Rg2 34. Rh3 f6 35. gxf6 1/2-1/2

[Event "Cetinje op"]
[Site "Cetinje"]
[Date "2016.05.05"]
[Round "2"]
[White "Djukic, Nikola"]
[Black "Vujosevic, Vladimir"]
[Result "1/2-1/2"]
[WhiteElo "2546"]
[BlackElo "2348"]
[PlyCount "54"]
[EventDate "2016.05.04"]
[EventType "swiss"]
[EventRounds "9"]
[EventCountry "MNE"]
[SourceTitle "CBM 172 Extra"]
[Source "ChessBase"]
[SourceDate "2016.06.21"]
[SourceVersion "1"]
[SourceVersionDate "2016.06.21"]
[SourceQuality "1"]

1. e4 e5 2. Nf3 Nc6 3. Bb5 a6 4. Ba4 Nf6 5. 0-0 b5 6. Bb3 Bb7 7. c3 h6 8. d4 d6 9. Re1 g6 10. a4 Bg7 11. axb5 axb5 12. Rxa8 Bxa8 13. Na3 Qb8 14. d5 Na7 15. Be3 c5 16. dxc6 Nxc6 17. c4 bxc4 18. Nxc4 0-0 19. Nb6 Bb7 20. Nd5 Nxd5 21. Bxd5 Nb4 22. Bxb7 Qxb7 23. Qb3 Rb8 24. Bd2 d5 25. exd5 Qxd5 26. Qxd5 Nxd5 27. Nxe5 Rxb2 1/2-1/2

[Event "MNT-ch 67th"]
[Site "Pljevlja"]
[Date "2015.07.31"]
[Round "7"]
[White "Vujosevic, Vladimir"]
[Black "Popadic, Dragan"]
[Result "1-0"]
[WhiteElo "2354"]
[BlackElo "2215"]
[PlyCount "129"]
[EventDate "2015.07.25"]
[EventType "tourn"]
[EventRounds "11"]
[EventCountry "MNE"]
[EventCategory "6"]
[SourceTitle "CBM 167 Extra"]
[Source "ChessBase"]
[SourceDate "2015.09.14"]
[SourceVersion "1"]
[SourceVersionDate "2015.09.14"]
[SourceQuality "1"]

1. e4 c5 2. Nf3 Nc6 3. Bb5 d6 4. c3 Bd7 5. h3 Nf6 6. Qe2 e6 7. 0-0 Be7 8. d4 0-0 9. dxc5 dxc5 10. e5 Nd5 11. Bd3 Qc7 12. Na3 a6 13. Re1 b5 14. Ng5 Bxg5 15. Bxg5 f5 16. exf6 Nxf6 17. Rad1 Rad8 18. Bb1 Bc8 19. Rxd8 Rxd8 20. Nc2 Rd5 21. Bh4 Qf4 22. Bg3 Qd2 23. Ne3 Rd8 24. Kf1 Qxe2+ 25. Kxe2 c4 26. Bc2 Nd5 27. Ng4 Rf8 28. Rd1 Bb7 29. Ne5 Rd8 30. f3 Nxe5 31. Bxe5 Re8 32. b3 Rc8 33. Rc1 g6 34. Be4 Kf7 35. h4 h5 36. Kf2 b4 37. cxb4 cxb3 38. Rxc8 Bxc8 39. axb3 Nxb4 40. Ke3 Bd7 41. Bd6 Nd5+ 42. Kd4 Bb5 43. Bc2 Kf6 44. g3 Be2 45. Ke4 Bb5 46. Be5+ Kf7 47. Bd1 Ne7 48. g4 Nc6 49. Bc3 Bf1 50. Kf4 hxg4 51. fxg4 Bd3 52. Ke3 Bb5 53. Bc2 Ne7 54. Be5 Nd5+ 55. Kf3 Nb4 56. Bd1 Bc6+ 57. Ke3 Bd5 58. Bc3 Nc6 59. Kf4 Ne7 60. Bc2 Bg2 61. Kg5 Bf3 62. Bf6 Be2 63. Bxe7 Kxe7 64. b4 e5 65. Bxg6 1-0

[Event "MNT-ch 67th"]
[Site "Pljevlja"]
[Date "2015.07.30"]
[Round "6"]
[White "Blagojevic, Tijana"]
[Black "Vujosevic, Vladimir"]
[Result "1/2-1/2"]
[WhiteElo "2323"]
[BlackElo "2354"]
[PlyCount "101"]
[EventDate "2015.07.25"]
[EventType "tourn"]
[EventRounds "11"]
[EventCountry "MNE"]
[EventCategory "6"]
[SourceTitle "CBM 167 Extra"]
[Source "ChessBase"]
[SourceDate "2015.09.14"]
[SourceVersion "1"]
[SourceVersionDate "2015.09.14"]
[SourceQuality "1"]

1. e4 e5 2. Nf3 Nc6 3. Nc3 Nf6 4. d4 Bb4 5. Nxe5 Bxc3+ 6. bxc3 Qe7 7. Nxc6 Qxe4+ 8. Be2 Qxc6 9. 0-0 0-0 10. c4 d5 11. cxd5 Nxd5 12. Qd2 Bf5 13. c4 Nb6 14. d5 Qd6 15. a4 Nd7 16. Bb2 Nc5 17. Ra3 Rfe8 18. Qd4 f6 19. Bf3 Re7 20. Re3 Rxe3 21. Qxe3 Bd7 22. Ba3 b6 23. a5 Re8 24. Qc3 Bf5 25. Re1 Rxe1+ 26. Qxe1 Kf8 27. axb6 axb6 28. g3 Qe7 29. Qxe7+ Kxe7 30. Be2 Kd7 31. f4 c6 32. dxc6+ Kxc6 33. Kf2 Kd6 34. Ke3 Be6 35. Kd4 f5 36. Bf3 Bd7 37. Bd5 Ba4 38. Bg8 h6 39. Bh7 Bd7 40. Bg8 Ba4 41. h3 Bd7 42. Bd5 Bc8 43. Ke3 Be6 44. Kd4 Bc8 45. Bb4 Bd7 46. Bf3 Bc8 47. g4 fxg4 48. hxg4 g6 49. Bd1 Bd7 50. Be2 Bc8 51. Bf3 1/2-1/2

[Event "MNT-ch 67th"]
[Site "Pljevlja"]
[Date "2015.07.29"]
[Round "5"]
[White "Vujosevic, Vladimir"]
[Black "Kosic, Dragan"]
[Result "0-1"]
[WhiteElo "2354"]
[BlackElo "2487"]
[PlyCount "146"]
[EventDate "2015.07.25"]
[EventType "tourn"]
[EventRounds "11"]
[EventCountry "MNE"]
[EventCategory "6"]
[SourceTitle "CBM 167 Extra"]
[Source "ChessBase"]
[SourceDate "2015.09.14"]
[SourceVersion "1"]
[SourceVersionDate "2015.09.14"]
[SourceQuality "1"]

1. e4 e6 2. d3 c5 3. Nf3 Nc6 4. g3 d5 5. Nbd2 Bd6 6. Bg2 Nge7 7. 0-0 0-0 8. Re1 Bc7 9. c3 b5 10. exd5 exd5 11. Nb3 Bd6 12. Be3 Qb6 13. Qd2 a5 14. Bf4 Bxf4 15. Qxf4 a4 16. Nbd2 Ng6 17. Qe3 Bd7 18. d4 c4 19. a3 h6 20. Nf1 Rad8 21. N3d2 Nce7 22. f4 Bf5 23. Qf2 Bd3 24. Ne3 f5 25. Bf1 Be4 26. Bg2 Qf6 27. Bxe4 dxe4 28. Ndf1 Nh8 29. Ng2 g5 30. Nfe3 Nhg6 31. Rf1 Kg7 32. Qe2 g4 33. Kf2 h5 34. Rh1 h4 35. Qf1 Rh8 36. Ke2 hxg3 37. hxg3 Rh3 38. Qf2 Rdh8 39. Rhg1 Nf8 40. Raf1 Nd7 41. Kd1 Nb6 42. Qe1 Nbd5 43. Nxd5 Nxd5 44. Ne3 Qe6 45. Kd2 Kf7 46. Nxd5 Qxd5 47. Ke3 Qd6 48. Rg2 Qb6 49. Rfg1 Ke6 50. Qe2 Kd5 51. Kf2 R8h5 52. Ke3 Qh6 53. Kf2 Qh8 54. Qe1 Rh1 55. Qf1 R1h3 56. Qe1 Qh7 57. Qf1 Kd6 58. Qd1 Rh1 59. Ke3 Rxg1 60. Qxg1 Rh1 61. Qf2 Kd5 62. Rg1 Qh3 63. Rg2 Rd1 64. Rh2 Rd3+ 65. Ke2 Qxg3 66. Qxg3 Rxg3 67. Rh5 e3 68. Rxf5+ Ke4 69. Re5+ Kxf4 70. Rxb5 Rg2+ 71. Ke1 Kf3 72. Rf5+ Ke4 73. Rf8 Kd3 0-1

[Event "MNT-ch 67th"]
[Site "Pljevlja"]
[Date "2015.07.27"]
[Round "3"]
[White "Vujosevic, Vladimir"]
[Black "Tomic, Aleksandar"]
[Result "1/2-1/2"]
[WhiteElo "2354"]
[BlackElo "2286"]
[PlyCount "95"]
[EventDate "2015.07.25"]
[EventType "tourn"]
[EventRounds "11"]
[EventCountry "MNE"]
[EventCategory "6"]
[SourceTitle "CBM 167 Extra"]
[Source "ChessBase"]
[SourceDate "2015.09.14"]
[SourceVersion "1"]
[SourceVersionDate "2015.09.14"]
[SourceQuality "1"]

1. e4 d6 2. d4 Nf6 3. Nc3 e5 4. Nge2 Be7 5. f3 h5 6. Be3 c6 7. Qd2 b5 8. Nc1 a6 9. Be2 Nbd7 10. 0-0 b4 11. Nd1 d5 12. dxe5 Nxe5 13. Bd4 dxe4 14. Qe3 Ned7 15. fxe4 c5 16. Bxf6 Bxf6 17. Kh1 Qe7 18. Nd3 Bb7 19. e5 Bg5 20. Qf2 c4 21. Nf4 Nxe5 22. Ne3 Bh4 23. Qg1 0-0-0 24. Nf5 Qc7 25. Nxh4 g5 26. Nf3 gxf4 27. Nxe5 Qxe5 28. Bf3 Qd4 29. Bxb7+ Kxb7 30. Rf2 h4 31. h3 Rhe8 32. c3 Qe4 33. Qh2 Qe1+ 34. Rf1 Qg3 35. Rxf4 Re1+ 36. Rf1 Rxa1 37. Rxa1 Rd2 38. Rb1 a5 39. Qg1 Rf2 40. Rf1 Rxf1 41. Qxf1 f5 42. Qxf5 Qe1+ 43. Kh2 Kb6 44. Qf6+ Kb5 45. Qf5+ Kb6 46. Qf6+ Kb5 47. Qf5+ Kb6 48. Qf6+ 1/2-1/2

[Event "Petrovac op"]
[Site "Petrovac"]
[Date "2015.05.13"]
[Round "8"]
[White "Vujosevic, Vladimir"]
[Black "Minic, Milan"]
[Result "1/2-1/2"]
[WhiteElo "2369"]
[BlackElo "2091"]
[PlyCount "145"]
[EventDate "2015.05.08"]
[EventType "swiss"]
[EventRounds "9"]
[EventCountry "MNE"]
[SourceTitle "CBM 166 Extra"]
[Source "ChessBase"]
[SourceDate "2015.06.18"]
[SourceVersion "1"]
[SourceVersionDate "2015.06.18"]
[SourceQuality "1"]

1. e4 e6 2. d3 d5 3. Nd2 c5 4. Ngf3 Nc6 5. g3 g6 6. Bg2 Bg7 7. 0-0 Nge7 8. Re1 0-0 9. c3 b6 10. Qe2 Ba6 11. e5 Qc7 12. Nf1 h6 13. h4 b5 14. Bf4 b4 15. N1h2 bxc3 16. bxc3 Qa5 17. Rac1 Qd8 18. Ng4 Nf5 19. Bf1 Rb8 20. Nf6+ Bxf6 21. exf6 Qxf6 22. Bxb8 Rxb8 23. Bg2 Rb5 24. Qd2 Kg7 25. Nh2 Ra5 26. Ng4 Qd8 27. Rb1 Ra4 28. Nh2 Qa5 29. Rb2 Ra3 30. Rc1 Ne5 31. Bf1 h5 32. Rcc2 d4 33. c4 Qxd2 34. Rxd2 Kf6 35. Rb3 Ra4 36. Bg2 Nd6 37. Nf3 Nxf3+ 38. Bxf3 Bc8 39. Bc6 Ra6 40. Ba8 e5 41. Bd5 Be6 42. Bxe6 Kxe6 43. f3 f5 44. Re2 Ra4 45. Rb8 Ra3 46. Rb3 Ra4 47. Rb8 e4 48. fxe4 fxe4 49. Kf2 e3+ 50. Kf3 Ra3 51. Rb3 Ra6 52. Kf4 Rc6 53. g4 hxg4 54. Kxg4 Ke5 55. Re1 Ra6 56. a3 Rc6 57. Rf1 Rc8 58. Rb2 Nxc4 59. Rb7 Nd6 60. Re7+ Kd5 61. Rf6 c4 62. Rd7 Rc6 63. dxc4+ Kxc4 64. Rdxd6 Rxd6 65. Rxd6 e2 66. Re6 d3 67. Kf3 Kc3 68. Kf2 Kc2 69. Rd6 Kd2 70. Re6 a5 71. a4 Kc2 72. Rd6 Kd2 73. Re6 1/2-1/2

[Event "Petrovac op"]
[Site "Petrovac"]
[Date "2015.05.12"]
[Round "7"]
[White "Marjanovic, Annamaria"]
[Black "Vujosevic, Vladimir"]
[Result "1-0"]
[WhiteElo "2243"]
[BlackElo "2369"]
[PlyCount "63"]
[EventDate "2015.05.08"]
[EventType "swiss"]
[EventRounds "9"]
[EventCountry "MNE"]
[SourceTitle "CBM 166 Extra"]
[Source "ChessBase"]
[SourceDate "2015.06.18"]
[SourceVersion "1"]
[SourceVersionDate "2015.06.18"]
[SourceQuality "1"]

1. e4 e5 2. Nf3 Nc6 3. Bb5 a6 4. Ba4 Nf6 5. 0-0 b5 6. Bb3 Bb7 7. Re1 Bc5 8. c3 d6 9. d4 Bb6 10. Be3 0-0 11. Nbd2 h6 12. h3 Re8 13. Qb1 Nb8 14. a4 Nbd7 15. Qa2 Rf8 16. dxe5 dxe5 17. Bxb6 cxb6 18. Rad1 Qc7 19. Bd5 bxa4 20. Bxb7 Qxb7 21. Qxa4 Nc5 22. Qc2 Qc7 23. Nc4 Rfe8 24. b4 Nb7 25. Ne3 a5 26. bxa5 bxa5 27. c4 Nd6 28. Nd2 Rec8 29. Rc1 Qc5 30. Nd5 Nxd5 31. exd5 a4 32. Rxe5 1-0

[Event "HUN-chT 0607"]
[Site "Hungary"]
[Date "2007.04.29"]
[Round "9"]
[White "Tatar Kis, Szabolcs"]
[Black "Vujosevic, Vladimir"]
[Result "1/2-1/2"]
[WhiteElo "2380"]
[BlackElo "2372"]
[PlyCount "65"]
[EventDate "2006.11.12"]
[EventType "team"]
[EventRounds "11"]
[EventCountry "HUN"]
[SourceTitle "EXT 2008"]
[Source "ChessBase"]
[SourceDate "2007.11.25"]
[SourceVersion "1"]
[SourceVersionDate "2007.11.25"]
[SourceQuality "1"]
[WhiteTeam "Mako"]
[BlackTeam "Postas/MTK"]
[WhiteTeamCountry "HUN"]
[BlackTeamCountry "HUN"]

1. e4 e5 2. Nf3 Nc6 3. Bc4 Nf6 4. d4 exd4 5. e5 d5 6. Bb5 Ne4 7. Nxd4 Bc5 8. Be3 Bxd4 9. Qxd4 0-0 10. Bxc6 bxc6 11. Nc3 Ng5 12. Bxg5 Qxg5 13. h4 Qxg2 14. 0-0-0 Qg4 15. f4 f6 16. exf6 Qf5 17. fxg7 Qxf4+ 18. Kb1 Rf7 19. Qc5 Qd6 20. Qd4 Qf6 21. Qc5 Bg4 22. Rde1 Qd6 23. Qd4 Rf4 24. Qd2 Kxg7 25. Re7+ Qxe7 26. Qxf4 h5 27. a3 a5 28. Qf2 Qf6 29. Qc5 Qd6 30. Qd4+ Qf6 31. Qc5 Qd6 32. Qd4+ Qf6 33. Qc5 1/2-1/2

[Event "HUN-chT 0607"]
[Site "Hungary"]
[Date "2007.04.15"]
[Round "8"]
[White "Jakab, Attila"]
[Black "Vujosevic, Vladimir"]
[Result "1/2-1/2"]
[WhiteElo "2402"]
[BlackElo "2372"]
[PlyCount "219"]
[EventDate "2006.11.12"]
[EventType "team"]
[EventRounds "11"]
[EventCountry "HUN"]
[SourceTitle "EXT 2008"]
[Source "ChessBase"]
[SourceDate "2007.11.25"]
[SourceVersion "1"]
[SourceVersionDate "2007.11.25"]
[SourceQuality "1"]
[WhiteTeam "Taban Spartacus"]
[BlackTeam "Postas/MTK"]
[WhiteTeamCountry "HUN"]
[BlackTeamCountry "HUN"]

1. d4 Nf6 2. c4 e6 3. Nc3 d5 4. cxd5 exd5 5. Bg5 Be7 6. e3 0-0 7. Bd3 h6 8. Bh4 b6 9. Nge2 Bb7 10. 0-0 c5 11. dxc5 bxc5 12. Qa4 Nbd7 13. Ba6 Qb6 14. Bxb7 Qxb7 15. Rad1 Nb6 16. Qc2 Rfd8 17. Qf5 Rd7 18. Rd3 Rad8 19. Rfd1 Qc6 20. b3 a5 21. h3 a4 22. Bxf6 Bxf6 23. bxa4 Bxc3 24. Nxc3 d4 25. exd4 cxd4 26. Ne2 Qxa4 27. Qe4 Nc4 28. Kh2 Qxa2 29. Rxd4 Rxd4 30. Rxd4 Rxd4 31. Nxd4 Qxf2 32. Qe8+ Kh7 33. Qe4+ g6 34. Qf3 Qxf3 35. Nxf3 f5 36. Kg3 Kg7 37. Kf4 Kf6 38. h4 Nb6 39. Ke3 Nd5+ 40. Kd4 Nf4 41. Ne1 Ke6 42. Ke3 Nd5+ 43. Kf3 Ke5 44. Nd3+ Kf6 45. g3 Ke6 46. Nc5+ Kd6 47. Nd3 Ne7 48. Nf4 Ke5 49. Nd3+ Kf6 50. Nf4 Nc6 51. Nd5+ Ke5 52. Nf4 g5 53. hxg5 hxg5 54. Nh5 Kd4 55. Nf6 Ne5+ 56. Ke2 Nf7 57. Kf3 Ke5 58. Nh7 g4+ 59. Kg2 Nd6 60. Nf8 Ke4 61. Ne6 Ke3 62. Ng7 Ke2 63. Ne6 Nc4 64. Nf4+ Kd2 65. Kf2 Nb2 66. Ne6 Nd1+ 67. Kg2 Ke1 68. Nd4 Ne3+ 69. Kg1 Kd2 70. Kf2 Kd3 71. Ne6 Nc4 72. Nf4+ Kd2 73. Nd5 Nb2 74. Ne7 Nd1+ 75. Kg1 Ne3 76. Kf2 Kd3 77. Ke1 Nc2+ 78. Kf2 Ke4 79. Ng6 Nb4 80. Ke2 Nd5 81. Kf2 Kd4 82. Ke2 Nc3+ 83. Kf2 Ne4+ 84. Kg2 Ke3 85. Ne7 Nd6 86. Nd5+ Kd2 87. Kf2 Ne4+ 88. Kg2 Ke2 89. Nf4+ Ke1 90. Nd3+ Kd2 91. Nf4 Nc5 92. Nd5 Ne6 93. Ne7 Nd4 94. Kf2 Kd3 95. Nd5 Nc2 96. Nf4+ Kd2 97. Nd5 Kd3 98. Nf4+ Ke4 99. Ne6 Nb4 100. Ng5+ Ke5 101. Nf7+ Ke6 102. Nd8+ Kd5 103. Ke3 Ke5 104. Nf7+ Kf6 105. Nd6 Ke6 106. Nc4 Nd5+ 107. Kf2 Nf6 108. Kg2 Kd5 109. Ne3+ Ke4 110. Nc4 1/2-1/2

[Event "HUN-chT 0607"]
[Site "Hungary"]
[Date "2007.03.25"]
[Round "7"]
[White "Czebe, Attila"]
[Black "Vujosevic, Vladimir"]
[Result "1-0"]
[WhiteElo "2497"]
[BlackElo "2372"]
[PlyCount "87"]
[EventDate "2006.11.12"]
[EventType "team"]
[EventRounds "11"]
[EventCountry "HUN"]
[SourceTitle "EXT 2008"]
[Source "ChessBase"]
[SourceDate "2007.11.25"]
[SourceVersion "1"]
[SourceVersionDate "2007.11.25"]
[SourceQuality "1"]
[WhiteTeam "Honved"]
[BlackTeam "Postas/MTK"]
[WhiteTeamCountry "HUN"]
[BlackTeamCountry "HUN"]

1. c4 e6 2. d4 Nf6 3. Nf3 d5 4. Nc3 Be7 5. Bg5 0-0 6. e3 h6 7. Bh4 b6 8. cxd5 exd5 9. Bd3 Bb7 10. Bxf6 Bxf6 11. 0-0 c5 12. Rc1 cxd4 13. Nxd4 Bxd4 14. exd4 Nd7 15. Re1 Nf6 16. Re5 Rc8 17. Qd2 Re8 18. Rce1 Rxe5 19. Rxe5 Ne4 20. Bxe4 dxe4 21. d5 f6 22. Rxe4 Qd7 23. h3 Rd8 24. Qd3 Kf8 25. Rd4 Qd6 26. Qh7 Kf7 27. Rg4 Qf8 28. Ne4 Rxd5 29. Qg6+ Ke6 30. Ng3 Rd1+ 31. Kh2 Rd7 32. Nh5 Qb8+ 33. Rg3 Qe5 34. Nxg7+ Kd6 35. Ne8+ Kc5 36. Nxf6 Rd2 37. Qxh6 Qxb2 38. Qf8+ Kc6 39. Qe8+ Kc5 40. Qe7+ Kc6 41. Ne4 Rd7 42. Qe6+ Kc7 43. Re3 Kd8 44. Qg8+ 1-0

[Event "HUN-chT 0607"]
[Site "Hungary"]
[Date "2007.03.04"]
[Round "6"]
[White "Galyas, Miklos"]
[Black "Vujosevic, Vladimir"]
[Result "1-0"]
[WhiteElo "2428"]
[BlackElo "2372"]
[PlyCount "55"]
[EventDate "2006.11.12"]
[EventType "team"]
[EventRounds "11"]
[EventCountry "HUN"]
[SourceTitle "EXT 2008"]
[Source "ChessBase"]
[SourceDate "2007.11.25"]
[SourceVersion "1"]
[SourceVersionDate "2007.11.25"]
[SourceQuality "1"]
[WhiteTeam "Statisztika"]
[BlackTeam "Postas/MTK"]
[WhiteTeamCountry "HUN"]
[BlackTeamCountry "HUN"]

1. d4 Nf6 2. c4 e6 3. Nc3 d5 4. cxd5 exd5 5. Bg5 Be7 6. e3 0-0 7. Bd3 h6 8. Bh4 b6 9. Nf3 Bb7 10. Bxf6 Bxf6 11. Rc1 c6 12. 0-0 Na6 13. Ne5 Bxe5 14. dxe5 Re8 15. f4 Nc5 16. Bb1 Nd7 17. Ne2 f6 18. Qd3 Nf8 19. Ng3 g6 20. f5 fxe5 21. fxg6 e4 22. Qc3 Nxg6 23. Nh5 Re5 24. Rf6 Rg5 25. Rd6 Rxg2+ 26. Kxg2 Qg5+ 27. Kh1 Qxh5 28. Qf6 1-0

[Event "HUN-chT 0607"]
[Site "Hungary"]
[Date "2007.02.18"]
[Round "5"]
[White "Vujosevic, Vladimir"]
[Black "Kerek, Csaba"]
[Result "1/2-1/2"]
[WhiteElo "2372"]
[BlackElo "2311"]
[PlyCount "126"]
[EventDate "2006.11.12"]
[EventType "team"]
[EventRounds "11"]
[EventCountry "HUN"]
[SourceTitle "EXT 2008"]
[Source "ChessBase"]
[SourceDate "2007.11.25"]
[SourceVersion "1"]
[SourceVersionDate "2007.11.25"]
[SourceQuality "1"]
[WhiteTeam "Postas/MTK"]
[BlackTeam "BEAC"]
[WhiteTeamCountry "HUN"]
[BlackTeamCountry "HUN"]

1. e4 c5 2. Nf3 Nc6 3. Bb5 g6 4. 0-0 Bg7 5. c3 Nf6 6. Re1 0-0 7. h3 Ne8 8. d4 cxd4 9. cxd4 Nc7 10. Bxc6 dxc6 11. Nc3 b6 12. Be3 Bb7 13. Qd2 Re8 14. Bh6 Bh8 15. Rad1 Qd7 16. Qf4 Ne6 17. Qh4 Nxd4 18. Ng5 e5 19. f4 exf4 20. e5 Rxe5 21. Rxe5 Bxe5 22. Nxh7 Qf5 23. Bg5 c5 24. Nf6+ Bxf6 25. Bxf6 Qh5 26. Qxh5 gxh5 27. Re1 Ne6 28. Re5 Kh7 29. Bh4 Kg6 30. Nb5 Rg8 31. Nd6 Bc6 32. Nf5 Kh7 33. Ne7 Rxg2+ 34. Kf1 Bf3 35. Rf5 Kg7 36. Bf6+ Kf8 37. Nd5 Bxd5 38. Rxd5 Rg6 39. Bh4 Rh6 40. Rd7 Nd4 41. Rxa7 Kg7 42. Rb7 Rc6 43. a4 Ne6 44. Ke2 Kg6 45. Be7 Nd4+ 46. Kf2 Ne6 47. Ke2 Kf5 48. Kd3 c4+ 49. Kc3 Ke4 50. Bh4 f5 51. Kb4 Ke3 52. Rd7 f3 53. Kb5 Rc5+ 54. Kxb6 f2 55. Bxf2+ Kxf2 56. a5 Rc8 57. a6 Nc5 58. Rf7 Nxa6 59. Rxf5+ Kg3 60. Rxh5 Nb4 61. Rc5 Rxc5 62. Kxc5 Nd3+ 63. Kxc4 Nxb2+ 1/2-1/2

[Event "HUN-chT 0506"]
[Site "Hungary"]
[Date "2006.02.26"]
[Round "8"]
[White "Tolnai, Tibor"]
[Black "Vujosevic, Vladimir"]
[Result "1/2-1/2"]
[WhiteElo "2459"]
[BlackElo "2369"]
[PlyCount "20"]
[EventDate "2005.10.16"]
[EventType "team"]
[EventRounds "11"]
[EventCountry "HUN"]
[SourceTitle "EXT 2007"]
[Source "ChessBase"]
[SourceDate "2006.11.23"]
[SourceVersion "1"]
[SourceVersionDate "2006.11.23"]
[SourceQuality "1"]

1. e4 e5 2. Nf3 Nc6 3. Bc4 Nf6 4. d3 Bc5 5. c3 a6 6. Bb3 d6 7. 0-0 Ba7 8. Be3 0-0 9. Nbd2 Be6 10. Bxa7 Rxa7 1/2-1/2